[Event "Ano Liosia op"]
[Site "Athens"]
[Date "1997.01.05"]
[Round "3"]
[White "Haritakis, Theodoros"]
[Black "Cela, Altin"]
[Result "0-1"]
[WhiteElo "2340"]
[BlackElo "2445"]

1.d4 Nf6 2.c4 g6 3.Nc3 Bg7 4.e4 O-O 5.Be2 d6 6.Nf3 e5 7.O-O Nc6 8.d5 Ne7
9.b4 a5 10.Ba3 axb4 11.Bxb4 Nd7 12.a4 Bh6 13.Nd2 f5 14.Re1 Nf6 15.Bf1 c6
16.dxc6 bxc6 17.c5 d5 18.exd5 Nexd5 19.Nxd5 Nxd5 20.Bc4 Ba6 21.Ba2 e4 22.Bc3 Bg7
23.Qc1 Kh8 24.Bxg7+ Kxg7 25.Nc4 Qf6 26.Nb6 Rad8 27.Bxd5 cxd5 28.c6 Rf7 29.Rd1 d4
30.Nd7 Qd6 31.Qb2 Bd3 32.Rac1 Rc8 33.a5 Re7 34.Nb6 Rec7 35.a6 Re8 36.Nd7 Ra8
37.Qb7 Rxa6 38.Rxd3 Raxc6  0-1

[Event "Hallsberg opJ32"]
[Site "Hallsberg"]
[Date "1997.01.05"]
[Round "9"]
[White "Nilsson, Mattias"]
[Black "Helbich, Jan Jr"]
[Result "1/2-1/2"]
[WhiteElo "2145"]
[BlackElo "2135"]

1.d4 Nf6 2.c4 g6 3.Nc3 Bg7 4.e4 d6 5.Be2 O-O 6.Nf3 e5 7.O-O Nc6 8.d5 Ne7
9.Ne1 Nd7 10.Be3 f5 11.f3 f4 12.Bf2 g5 13.a4 Ng6 14.a5 Rf7 15.c5 Nxc5 16.Bxc5 dxc5
17.a6 b6 18.Bb5  1/2-1/2

[Event "Excelsior Cup"]
[Site "Gothenborg"]
[Date "1997.01.11"]
[Round "5"]
[White "Ziegler, Ari"]
[Black "Hillarp Persson, Tiger"]
[Result "1-0"]
[WhiteElo "2455"]
[BlackElo "2475"]

1.d4 g6 2.c4 Bg7 3.e4 d6 4.Nc3 Nf6 5.Nf3 O-O 6.Be2 e5 7.O-O Nc6 8.d5 Ne7
9.Ne1 Ne8 10.Be3 f5 11.f3 Kh8 12.c5 Ng8 13.cxd6 cxd6 14.a4 Bh6 15.Bf2 Ngf6
16.a5 Nh5 17.Nd3 a6 18.Na4 Nef6 19.Nb6 Rb8 20.Ra4 Bd7 21.Rb4 Bb5 22.g3 Qe8
23.Kh1 Qf7 24.Rg1 Rbd8 25.Rg2 Rfe8 26.Bg1 Re7 27.Ne1 Bxe2 28.Qxe2 Ne8 29.Nc4 Nhf6
30.Rb6 Bg5 31.Nd3 h5 32.h3 Qh7 33.Bf2 Rc7 34.b3 Bh6 35.g4 fxg4 36.hxg4 hxg4
37.fxg4 g5 38.Rh2 Kg8 39.Kg1 Qg6 40.Rb4 Rh7 41.Ne3 Bf8 42.Nf5 Rxh2 43.Kxh2 Rd7
44.Kg2 Rh7 45.Bg3 Qf7 46.Nf2 Qc7 47.Qd2 Qxa5 48.Qxg5+ Kh8 49.Rc4 Qd8 50.Rc1 Qd7
51.Rc3 Ng8 52.Rf3 a5 53.Nh4 Bh6 54.Bxe5+ dxe5 55.Qxe5+ Ngf6 56.Rxf6 Nxf6
57.Qxf6+ Kg8 58.Nf5 Bf8 59.g5 Qc7 60.d6 Qc5 61.Qe6+ Kh8 62.g6 Rh2+ 63.Kxh2 Qxf2+
64.Kh3 Qf1+ 65.Kg4 Qg1+ 66.Kh5 Qh2+ 67.Kg5 Qg1+ 68.Kf6 a4 69.Kf7  1-0

[Event "Hoogovens-B"]
[Site "Wijk aan Zee"]
[Date "1997.01.22"]
[Round "2"]
[White "Peng, Zhaoqin"]
[Black "David, Alberto"]
[Result "1/2-1/2"]
[WhiteElo "2370"]
[BlackElo "2455"]

1.d4 Nf6 2.c4 g6 3.Nc3 Bg7 4.e4 O-O 5.Nf3 d6 6.Be2 e5 7.O-O Nc6 8.d5 Ne7
9.b4 Nh5 10.Re1 Nf4 11.Bf1 a5 12.Ba3 Bg4 13.h3 Bxf3 14.Qxf3 axb4 15.Bxb4 c5
16.dxc6 Nxc6 17.a3 Ne6 18.Nb5 Ned4 19.Qd3 Nxb4 20.axb4 Qb6 21.g3 Ra6 22.Rxa6 Qxa6
23.Rb1 Rc8 24.Qd1 Qb6 25.Nxd4 exd4 26.Qf3 Qa7 27.Rb3 b5 28.Ra3 Qb8 29.cxb5 Rc3
30.Rxc3 dxc3 31.Bd3 Bd4 32.Kg2 Qa7 33.Bc2 Qa3 34.Qe2 Qxb4 35.Qd3 Kg7 36.Qe2 h5
37.Bd3 Kf6 38.Bc2 Kg7 39.Bd3 Kf6 40.Bc2 Kg7  1/2-1/2

[Event "RUS-Cup4"]
[Site "Perm"]
[Date "1997.02.08"]
[Round "1"]
[White "Rashkovsky, Nukhim N"]
[Black "Frolov, Denis"]
[Result "0-1"]
[WhiteElo "2525"]
[BlackElo "2330"]

1.Nf3 Nf6 2.c4 g6 3.Nc3 Bg7 4.e4 d6 5.d4 O-O 6.Be2 e5 7.O-O Nc6 8.d5 Ne7
9.b4 a5 10.bxa5 Rxa5 11.Nd2 Ne8 12.Nb3 Ra8 13.a4 f5 14.c5 Kh8 15.f3 f4 16.a5 Ng8
17.Ba3 Rf6 18.cxd6 Nxd6 19.Qc2 g5 20.Rfc1 Rh6 21.Nd1 g4 22.fxg4 Qh4 23.h3 Nxe4
24.Bf1 Ngf6 25.Nf2 Ng5 26.Qxc7 Bxg4 27.Rc3 f3 28.Bc1 Nge4 29.Nxg4 f2+ 30.Kh1 Nxg4
31.Bxh6 Bxh6 32.Ra4 Qg3 33.hxg4 Qh4+ 34.Rh3 Ng3+  0-1

[Event "RUS-Cup4"]
[Site "Perm"]
[Date "1997.02.09"]
[Round "2"]
[White "Genba, Vladimir"]
[Black "Sergeeva, Maria"]
[Result "1-0"]
[WhiteElo "2415"]
[BlackElo "2165"]

1.d4 Nf6 2.c4 g6 3.Nc3 Bg7 4.e4 d6 5.Nf3 O-O 6.Be2 e5 7.O-O Nc6 8.d5 Ne7
9.Nd2 c5 10.dxc6 bxc6 11.b4 d5 12.a4 Bb7 13.Qc2 Rc8 14.Rd1 Qc7 15.Ba3 Rfe8
16.c5 Rcd8 17.b5 Nc8 18.Bf3 Ba8 19.Rab1 Bf8 20.Qb3 cxb5 21.Nxd5 Bxd5 22.exd5 e4
23.d6 Qd7 24.Be2 bxa4 25.Qb5 Qf5 26.Nf1 a6 27.Qxa4 Nd5 28.Bg4 Qxg4 29.Rxd5 Re6
30.Ne3 Qe2 31.Qd1 Qxd1+ 32.Rdxd1 Na7 33.Rb6 Nb5 34.Bb2 f5 35.Rxa6 Bg7 36.Bxg7 Kxg7
37.Rb6 Nc3 38.Ra1 f4 39.Nd1 Nd5 40.Rb7+ Kf6 41.Nb2 e3 42.fxe3 fxe3 43.Rf1+ Kg5
44.Nd3 e2 45.Re1 Rf8 46.Rb2 Nc3 47.Rc2 Nb5 48.Rcxe2 Ref6 49.Ne5 Rf5 50.Nf3+ Kh6
51.Re5 R5f7 52.Re8  1-0

[Event "RUS-Cup4"]
[Site "Perm"]
[Date "1997.02.10"]
[Round "3"]
[White "Sergeev, Nickolay"]
[Black "Iskusnyh, Sergei"]
[Result "0-1"]
[WhiteElo "2330"]
[BlackElo "2440"]

1.d4 Nf6 2.c4 g6 3.Nc3 Bg7 4.e4 d6 5.Nf3 O-O 6.Be2 e5 7.O-O Nc6 8.d5 Ne7
9.Nd2 a5 10.a3 Bd7 11.b3 c6 12.Rb1 b5 13.dxc6 b4 14.Nd5 Nxc6 15.Bb2 Be6 16.f4 exf4
17.Nxf4 Ne5 18.c5 Bc8 19.axb4 axb4 20.cxd6 Qxd6 21.Nc4 Nxc4 22.bxc4 Qxd1
23.Rfxd1 Rb8 24.Bxf6 Bxf6 25.Nd5 Kg7 26.Rxb4 Rxb4 27.Nxb4 Be7 28.Nd5 Bc5+
29.Kh1 Re8 30.Bf3 g5 31.h3 h5 32.Nc7 Re7 33.Nd5 Re5 34.g4 h4 35.Rd3 Re6 36.Ne3 Bb7
37.Nd5 Ra6 38.Rd2 Ra1+ 39.Bd1 Ra3 40.Kg2 Rg3+ 41.Kh2 Bd6 42.Ne3 Bf4  0-1

[Event "RUS-Cup4"]
[Site "Perm"]
[Date "1997.02.11"]
[Round "4"]
[White "Iskusnyh, Sergei"]
[Black "Irzhanov, Ruslan"]
[Result "0-1"]
[WhiteElo "2440"]
[BlackElo "2550"]

1.d4 Nf6 2.c4 g6 3.Nc3 Bg7 4.e4 d6 5.Be2 O-O 6.Nf3 e5 7.O-O Nc6 8.d5 Ne7
9.b4 Ne8 10.c5 f5 11.Nd2 fxe4 12.Ndxe4 Nf5 13.Bg5 Qd7 14.c6 bxc6 15.Bc4 Qf7
16.g4 Nd4 17.f4 c5 18.bxc5 h6 19.fxe5 Nf3+ 20.Kh1 hxg5 21.Nxg5 Qf4 22.Rxf3 Qxg4
23.Rxf8+ Kxf8 24.Qf3+ Kg8 25.e6 Qf5 26.Rf1 Qxf3+ 27.Rxf3 Bxc3 28.Rxc3 dxc5
29.Bb3 Bb7 30.Rxc5 Rd8 31.Kg1 Kf8 32.Rb5 Ba8 33.Ra5 Ke7 34.Kf2 a6 35.Ke3 Nf6
36.Kd4 Bxd5 37.Bxd5 c6 38.Rxa6 Rxd5+ 39.Kc4 Kd6 40.h4 Re5  0-1

[Event "Enghien Les Bains"]
[Site "Enghien Les Bains"]
[Date "1997.03.17"]
[Round "4"]
[White "Kortschnoj, Viktor"]
[Black "Ivanov, Mikhail M"]
[Result "1-0"]
[WhiteElo "2635"]
[BlackElo "2500"]

1.d4 Nf6 2.c4 g6 3.Nc3 Bg7 4.e4 d6 5.Be2 O-O 6.Nf3 e5 7.O-O Nc6 8.d5 Ne7
9.Ne1 Nd7 10.Be3 f5 11.f3 f4 12.Bf2 g5 13.Rc1 Ng6 14.c5 Nxc5 15.b4 Na6 16.Nb5 Bd7
17.Nxa7 h5 18.a3 g4 19.fxg4 f3 20.Bxf3 hxg4 21.Bxg4 Rxf2 22.Rxf2 Rxa7 23.Rc3 Ra8
24.Rg3 Nf4 25.Nc2 Qe7 26.Ne3 Rf8 27.Bxd7 Qxd7 28.Rg5 c6 29.Nf5 Rxf5 30.Rxf5 cxd5
31.R2xf4 exf4 32.Qxd5+ Kh7 33.Rxf4 Qe7 34.Rf7 Qh4 35.g3 Qd8 36.Qxb7 Qg5 37.Rf4 Qe5
38.Qf7 Qd4+ 39.Kg2 Qb2+ 40.Kh3  1-0

[Event "RUS-Cup6"]
[Site "Krasnodar"]
[Date "1997.03.19"]
[Round "9"]
[White "Ulibin, Mikhail"]
[Black "Kiseleva, Natalia"]
[Result "1-0"]
[WhiteElo "2555"]
[BlackElo "2350"]

1.d4 Nf6 2.c4 g6 3.Nc3 Bg7 4.e4 d6 5.Be2 O-O 6.Nf3 e5 7.O-O Nc6 8.d5 Ne7
9.Nd2 a5 10.a3 Nd7 11.Rb1 f5 12.b4 Kh8 13.Qc2 Ng8 14.exf5 gxf5 15.f4 exf4
16.Nf3 axb4 17.axb4 Ndf6 18.Bd3 Ne7 19.Bxf4 Ng6 20.Bg5 c6 21.dxc6 bxc6 22.Kh1 Qd7
23.b5 Ng4 24.bxc6 Qxc6 25.Nb5 Qc5 26.h3 Ne3 27.Bxe3 Qxe3 28.Nxd6 Ra3 29.Nxc8 Rc3
30.Qe2 Qxe2 31.Bxe2 Rxc8 32.Rfc1 Rxc1+ 33.Rxc1 Bh6 34.Rb1 Be3 35.Bd3 Nf4
36.Bxf5 Rxc4 37.Rb8+ Kg7 38.Rb7+ Kf6 39.Bxh7 Ne6  1-0

[Event "Enghien Les Bains"]
[Site "Enghien Les Bains"]
[Date "1997.03.22"]
[Round "9"]
[White "Rausis, Igors"]
[Black "Nataf, Igor Alexandre"]
[Result "1/2-1/2"]
[WhiteElo "2470"]
[BlackElo "2410"]

1.d4 Nf6 2.c4 g6 3.Nc3 Bg7 4.e4 d6 5.Nf3 O-O 6.Be2 e5 7.O-O Nc6 8.dxe5 dxe5
9.Bg5 Bg4 10.Qxd8 Rfxd8 11.Nd5 Nxd5 12.exd5 f6 13.dxc6 fxg5 14.cxb7 Rab8
15.h3 Bf5 16.g4 Be4 17.Nxg5 Bxb7 18.Rad1 Bf6 19.Ne6 Rxd1 20.Rxd1 Bc8 21.Nxc7 Rxb2
22.Kf1 Rxa2  1/2-1/2

[Event "Gausdal-ch op"]
[Site "Gausdal"]
[Date "1997.04.05"]
[Round "6"]
[White "Gausel, Einar"]
[Black "Hagesaether, Ellen"]
[Result "1-0"]
[WhiteElo "2530"]
[BlackElo "2045"]

1.d4 Nf6 2.c4 g6 3.Nc3 Bg7 4.e4 d6 5.Be2 O-O 6.Nf3 e5 7.O-O Nc6 8.d5 Ne7
9.Nd2 Nd7 10.b4 f5 11.a4 f4 12.Bg4 Nf6 13.Bxc8 Rxc8 14.f3 g5 15.Ba3 Rf7 16.c5 Ng6
17.Nc4 Bf8 18.Rc1 h5 19.Kh1 Ne8 20.Rc2 Rg7 21.a5 b6 22.Nb5 Ra8 23.cxb6 cxb6
24.axb6 axb6 25.Bb2 Rb7 26.Nca3 Nc7 27.Rc6 Nxb5 28.Nxb5 Rd7 29.Qb3 Ne7 30.Rc2 Rc8
31.Rfc1 Rxc2 32.Qxc2 Rb7 33.Nc7 Qd7 34.Ne6 Bh6 35.h3 b5 36.Bxe5 dxe5 37.Nc5 Qc8
38.Nxb7 Qxb7 39.d6  1-0

[Event "Hawaii op"]
[Site "Hawaii"]
[Date "1997.04.20"]
[Round "6"]
[White "Psakhis, Lev"]
[Black "Weegamasamry, S."]
[Result "1-0"]
[WhiteElo "2610"]
[BlackElo "2290"]

1.d4 Nf6 2.c4 g6 3.Nc3 Bg7 4.e4 d6 5.Be2 O-O 6.Nf3 e5 7.O-O Nc6 8.d5 Ne7
9.b4 Nh5 10.Re1 Nf4 11.Bf1 f5 12.Bxf4 exf4 13.e5 dxe5 14.Nxe5 a5 15.c5 axb4
16.Qb3 Kh8 17.Qxb4 Nxd5 18.Nxd5 Qxd5 19.Rad1 Qxa2 20.Qxf4 Be6 21.Nxg6+ hxg6
22.Qh4+ Kg8 23.Rxe6 Ra4 24.Qe7 Re4 25.Rd7  1-0

[Event "FRA-chT9697 final"]
[Site "Clichy"]
[Date "1997.05.01"]
[Round "8"]
[White "Rausis, Igors"]
[Black "Hebden, Mark"]
[Result "0-1"]
[WhiteElo "2470"]
[BlackElo "2515"]

1.d4 Nf6 2.Nf3 g6 3.c4 Bg7 4.Nc3 O-O 5.e4 d6 6.Be2 e5 7.O-O Nc6 8.dxe5 dxe5
9.Bg5 Qxd1 10.Rfxd1 Bg4 11.Rd3 a5 12.h3 Be6 13.Rdd1 Rfc8 14.Be3 h6 15.c5 a4
16.Rac1 Ra5 17.Kf1 Bf8 18.Nd2 a3 19.Bc4 axb2 20.Rb1 Nd4 21.Bxe6 fxe6 22.Nc4 Rxc5
23.Nxe5 Nb5 24.Nxb5 Rxb5 25.Nxg6 Nxe4 26.Rd3 Ra8 27.Ke2 Bg7 28.Bd2 Rxa2 29.Ne7+  0-1

[Event "FRA-chT9697 final"]
[Site "Clichy"]
[Date "1997.05.01"]
[Round "8"]
[White "Rodier, Arnaud"]
[Black "Renet, Olivier"]
[Result "0-1"]
[WhiteElo "2230"]
[BlackElo "2505"]

1.d4 Nf6 2.c4 g6 3.Nc3 Bg7 4.e4 d6 5.Be2 O-O 6.Nf3 e5 7.O-O Nc6 8.d5 Ne7
9.Ne1 Nd7 10.Be3 f5 11.f3 f4 12.Bf2 g5 13.Nd3 Ng6 14.c5 Nf6 15.Rc1 Rf7 16.cxd6 cxd6
17.Nb5 g4 18.Qe1 Bh6 19.Rc2 Rg7 20.Qb4 g3 21.hxg3 fxg3 22.Bxg3 Nh5 23.Bf2 Ngf4
24.g4 Nxe2+ 25.Rxe2 Bxg4 26.fxg4 Rxg4+ 27.Kh1 Qf6 28.Rg1 Qf3+ 29.Kh2 Rxg1
30.Kxg1 Kh8  0-1

[Event "FRA-chT9697 final"]
[Site "Clichy"]
[Date "1997.05.01"]
[Round "8"]
[White "Laclau, Daniel"]
[Black "Tirard, Hugo"]
[Result "0-1"]
[WhiteElo "2305"]
[BlackElo "2355"]

1.d4 Nf6 2.Nf3 g6 3.c4 Bg7 4.Nc3 O-O 5.e4 d6 6.Be2 e5 7.O-O Nc6 8.d5 Ne7
9.Ne1 Nd7 10.Nd3 f5 11.Bd2 Nf6 12.f3 f4 13.c5 g5 14.Rc1 Kh8 15.Nb5 Ne8 16.Bb4 Ng8
17.a4 h5 18.Nf2 Nh6 19.h3 Rf7 20.cxd6 cxd6 21.Qb3 Bf8 22.Rc2 Rg7 23.Rfc1 g4
24.fxg4 hxg4 25.hxg4 Bd7 26.Be1 b6 27.a5 bxa5 28.Nc7 Rb8 29.Qa3 Nxc7 30.Rxc7 a4
31.R7c3 Qb6 32.Rh3 Rg6 33.Kf1 Kg8 34.Rc2 Be7 35.b4 a6 36.Rh5 Kg7 37.Qh3 a5
38.bxa5 Qb1 39.Rc7 Rb3 40.Bd3 Rxd3 41.Qxd3 Bb5  0-1

[Event "FRA-chT9697 final"]
[Site "Clichy"]
[Date "1997.05.02"]
[Round "9"]
[White "Dorfman, Josif D"]
[Black "Renet, Olivier"]
[Result "1/2-1/2"]
[WhiteElo "2585"]
[BlackElo "2505"]

1.Nf3 Nf6 2.c4 g6 3.Nc3 Bg7 4.e4 d6 5.d4 O-O 6.Be2 e5 7.O-O Nc6 8.d5 Ne7
9.b4 Nh5 10.Re1 a5 11.Ba3 Nf4 12.Bf1 f5 13.bxa5 fxe4 14.Nd2 b6 15.Ndxe4 Rxa5
16.Bb4 Ra8 17.a4 Nf5 18.a5 bxa5 19.Rxa5 Rb8 20.Nb5  1/2-1/2

[Event "RUS-Cup7"]
[Site "Kstovo"]
[Date "1997.05.06"]
[Round "6"]
[White "Ulibin, Mikhail"]
[Black "Sokolov, Alexander"]
[Result "1-0"]
[WhiteElo "2555"]
[BlackElo "2350"]

1.d4 Nf6 2.c4 g6 3.Nc3 Bg7 4.e4 d6 5.Nf3 O-O 6.Be2 e5 7.O-O Nc6 8.d5 Ne7
9.Nd2 a5 10.a3 Nd7 11.Rb1 f5 12.b4 Kh8 13.Qc2 b6 14.f3 Ng8 15.exf5 gxf5 16.f4 exf4
17.Nf3 axb4 18.axb4 Ne5 19.Bxf4 Bd7 20.Kh1 Nxf3 21.Bxf3 Nh6 22.c5 Nf7 23.c6 Be8
24.Bh5 Qh4 25.Nb5 Qxh5 26.Nxc7 Rc8 27.Ne6 Rg8 28.Nxg7 Rxg7 29.Rbe1 b5 30.Qb2 Kg8
31.Re7 Qh4 32.Bxd6 Rg4 33.Bc5 Re4 34.Rxe4 Qxe4 35.Qd2 Nh8 36.Re1 Qh4 37.Be7 Qh5
38.Bf6 Qf7 39.Bb2 Ng6 40.Re6 f4 41.Rf6 Qa7 42.Qc3 Qg7 43.h3 Rc7 44.d6 Nh4
45.Rf8+  1-0

[Event "RUS-Cup9"]
[Site "Novgorod"]
[Date "1997.06.12"]
[Round "2"]
[White "Gutow, A."]
[Black "Nikolaev, Nikita"]
[Result "1-0"]
[WhiteElo "2355"]
[BlackElo "2225"]

1.d4 Nf6 2.c4 g6 3.Nc3 Bg7 4.e4 d6 5.Nf3 O-O 6.Be2 e5 7.O-O Nc6 8.d5 Ne7
9.Ne1 Nd7 10.Be3 f5 11.f3 Nf6 12.g4 h6 13.Nd3 fxg4 14.fxg4 g5 15.c5 Ng6 16.Rc1 Nf4
17.Nxf4 gxf4 18.Bf2 Nxg4 19.Bxg4 Qg5 20.Bh4 Qg6 21.Kf2 Bxg4 22.Rg1 Bxd1 23.Rxg6 Bh5
24.Re6 dxc5 25.Nb5 Rfc8 26.Rg1 Kf8 27.Re7 Bf7  1-0

[Event "Komercni Banka op"]
[Site "Pardubice"]
[Date "1997.07.17"]
[Round "1"]
[White "Prokopchuk, Evgeny"]
[Black "Shadrina, Tatiana"]
[Result "0-1"]
[WhiteElo "2475"]
[BlackElo "2280"]

1.d4 Nf6 2.Nf3 g6 3.c4 Bg7 4.Nc3 d6 5.e4 O-O 6.Be2 e5 7.O-O Nc6 8.d5 Ne7
9.b4 Ne8 10.c5 f5 11.Ng5 h6 12.Ne6 Bxe6 13.dxe6 fxe4 14.cxd6 Nxd6 15.Bg4 Kh7
16.Qe2 Nef5 17.Nxe4 Qe7 18.Nc5 b6 19.Na6 Rac8 20.Bb2 Qxe6 21.Rfc1 Rf7 22.Rc6 Qd5
23.Rc2 c6 24.Rd1 Qe6 25.a4 Re7 26.h4 h5 27.Bh3 e4 28.Bc1 Nf7 29.Bf4 Qf6 30.g3 Rf8
31.Bxf5 Qxf5 32.Rxc6 Ne5 33.Bxe5 Bxe5 34.Rd5 Qf7 35.Rd1 Qb3 36.Rdc1 Bd4  0-1

[Event "Wch U20"]
[Site "Zagan"]
[Date "1997.07.22"]
[Round "8"]
[White "Malakhatko, Vadim"]
[Black "Ho, Andrew"]
[Result "1-0"]
[WhiteElo "2445"]
[BlackElo "2340"]

1.Nf3 Nf6 2.c4 g6 3.Nc3 Bg7 4.e4 d6 5.d4 O-O 6.Be2 e5 7.O-O Nc6 8.d5 Ne7
9.b4 Nh5 10.Re1 f5 11.Ng5 Nf4 12.Bxf4 exf4 13.Rc1 c6 14.exf5 Nxf5 15.Nce4 h6
16.Ne6 Bxe6 17.dxe6 Qe7 18.Bg4 Nd4 19.Nd2 a5 20.b5 cxb5 21.cxb5 Nxb5 22.Nc4 Ra6
23.Qd3 Kh7 24.h4 Qxh4 25.e7 Qxg4 26.exf8=Q Bxf8 27.Rb1 f3 28.Ne3 Qd4 29.Qxb5 Bg7
30.Qxb7 Ra7 31.Qxf3 Qa4 32.Rb7 Rxb7 33.Qxb7 Qxa2 34.Nd5 h5 35.Qf7 Qb2 36.Re7 Kh6
37.Qf4+ g5 38.Re6+ Kh7 39.Qf5+  1-0

[Event "Wch U20"]
[Site "Zagan"]
[Date "1997.07.23"]
[Round "9"]
[White "Malakhatko, Vadim"]
[Black "Rezan, Sasa"]
[Result "1-0"]
[WhiteElo "2445"]
[BlackElo "2250"]

1.Nf3 Nf6 2.c4 g6 3.Nc3 Bg7 4.e4 d6 5.d4 O-O 6.Be2 e5 7.O-O Nc6 8.d5 Ne7
9.b4 Nh5 10.Re1 Nf4 11.Bf1 a5 12.bxa5 Rxa5 13.Nd2 c5 14.Nb3 Ra6 15.a4 g5
16.a5 Neg6 17.Na4 g4 18.Nb6 f5 19.Nxc8 Qxc8 20.Nd2 Qd8 21.exf5 Rxf5 22.Ne4 Qh4
23.Qb3 Qe7 24.Rb1 Rf7 25.g3 Bh6 26.gxf4 Nh4 27.Bg2 exf4 28.Bb2 Nxg2 29.Nf6+ Qxf6
30.Bxf6 Nxe1 31.Rxe1 Rxf6 32.Qxb7 Rxa5 33.Qc8+ Rf8 34.Qe6+ Kg7 35.Qxd6 Ra7
36.Re7+ Rf7 37.Qe5+  1-0

[Event "Wch U20"]
[Site "Zagan"]
[Date "1997.07.24"]
[Round "10"]
[White "Ivanisevic, Ivan"]
[Black "Najer, Evgeniy"]
[Result "1-0"]
[WhiteElo "2540"]
[BlackElo "2515"]

1.d4 Nf6 2.c4 g6 3.Nc3 Bg7 4.e4 d6 5.Nf3 O-O 6.Be2 e5 7.O-O Nc6 8.d5 Ne7
9.b4 Nh5 10.Re1 Nf4 11.Bf1 a5 12.Ba3 Bg4 13.Re3 Bh6 14.h3 Bd7 15.c5 f5 16.bxa5 fxe4
17.cxd6 cxd6 18.Nxe4 Nxh3+ 19.gxh3 Bxe3 20.fxe3 Nf5 21.Bb4 Nxe3 22.Qe2 Nxf1
23.Rxf1 Rxa5 24.Bxa5 Qxa5 25.Nfg5 Rxf1+ 26.Qxf1 Bf5 27.Qf2 h6 28.Ne6 Qb4
29.Ng3 Qb1+ 30.Kh2 Qc2 31.Qxc2 Bxc2 32.Ne2 b5 33.a3 Kf7 34.Nc3 Bb3 35.Nc7 Kf6
36.N7xb5 Ke7 37.Kg3 g5 38.a4 h5 39.a5 Kd7 40.a6 Kc8  1-0

[Event "Komercni Banka op"]
[Site "Pardubice"]
[Date "1997.07.25"]
[Round "9"]
[White "Gavrilov, Alexei"]
[Black "Zaitsev, Vadim"]
[Result "1/2-1/2"]
[WhiteElo "2445"]
[BlackElo "2345"]

1.d4 Nf6 2.c4 g6 3.Nc3 Bg7 4.e4 d6 5.Nf3 O-O 6.Be2 e5 7.O-O Nc6 8.d5 Ne7
9.b4 Nh5 10.Re1 Nf4 11.Bf1 h6 12.c5 f5 13.Bxf4 fxe4 14.Bxe5 exf3 15.Bxg7 fxg2
16.Bxf8 gxf1=Q+ 17.Rxf1 Qxf8 18.cxd6 cxd6 19.f3 Bh3 20.Rf2 Qf5 21.Qd4 Rf8
22.Qh4 Qe5 23.Qxh3 Qxc3 24.Qe6+ Rf7 25.Rb1 Nf5 26.Kh1 Kg7 27.Rg1 g5 28.Qe4 Qf6
29.h4 Qg6 30.hxg5 Ng3+ 31.Rxg3 Qxe4 32.gxh6+ Kh7 33.Rg7+ Kxh6 34.fxe4 Rxf2
35.Rd7 Rxa2 36.Rxd6+ Kg5 37.Re6 Kf4 38.d6 a5 39.bxa5 Rxa5 40.e5 Rd5 41.Re7 Kg3
42.Rg7+ Kf4 43.d7 Rd1+ 44.Kg2  1/2-1/2

[Event "Wch U20 Girls"]
[Site "Zagan"]
[Date "1997.07.25"]
[Round "11"]
[White "Zielinska, Marta"]
[Black "Lomineishvili, Maia"]
[Result "1-0"]
[WhiteElo "2335"]
[BlackElo "2385"]

1.d4 Nf6 2.Nf3 g6 3.c4 Bg7 4.Nc3 O-O 5.e4 d6 6.Be2 e5 7.O-O Nc6 8.d5 Ne7
9.Ne1 Nd7 10.Nd3 f5 11.Bd2 Nf6 12.f3 f4 13.Rc1 g5 14.c5 Ne8 15.Nb5 Ng6 16.cxd6 cxd6
17.Nf2 Rf7 18.a4 h5 19.Qb3 Bf8 20.h3 Nh4 21.Rc3 Bh6 22.Rfc1 g4 23.Qc2 g3
24.Rxc8 gxf2+ 25.Kxf2 Qg5 26.Bf1 Rxc8 27.Qxc8 Rf8 28.Qe6+ Kh7 29.Nxd6 Ng7
30.Rc7 Rf6 31.Qe7 Ng6 32.Qe8 Qg3+ 33.Ke2 Rf8 34.Qd7 Qg5 35.Nf7 Qf6 36.Rxb7 a5
37.Nxh6 Kxh6 38.Kd1 Rd8 39.Qf7  1-0

[Event "Wch U20"]
[Site "Zagan"]
[Date "1997.07.25"]
[Round "11"]
[White "Kucumenler, Tarkan"]
[Black "Guthrie, David"]
[Result "0-1"]
[WhiteElo "2035"]
[BlackElo "2140"]

1.d4 Nf6 2.c4 g6 3.Nc3 Bg7 4.e4 d6 5.Nf3 O-O 6.Be2 e5 7.O-O Nc6 8.d5 Ne7
9.b4 Nh5 10.Re1 h6 11.Bf1 f5 12.Nd2 f4 13.c5 Kh8 14.cxd6 cxd6 15.Nc4 Ng8
16.b5 Rf7 17.Ba3 Bf8 18.b6 a6 19.Qb3 g5 20.Na5 g4 21.Nc6 Qh4 22.Ne2 Ngf6
23.g3 Qg5 24.Nc3 Nh7 25.Bg2 Qf6 26.Na7 Bd7 27.Nd1 Ng5 28.Rc1 fxg3 29.hxg3 Nf3+
30.Bxf3 gxf3 31.Re3 Nxg3 32.Rxf3 Qxf3 33.Qxf3 Rxf3 34.fxg3 Rxg3+ 35.Kh2 Rxa3
36.Rc7 Rxa2+ 37.Kg3 Ra3+ 38.Kh2 Rb3 39.Rxb7 Bc8 40.Rc7 Bg4 41.Nf2 h5 42.Rb7 Bh6
43.Nxg4 hxg4 44.Nc6 Bf4+ 45.Kg2 Rb2+ 46.Kf1 g3  0-1

[Event "Credis"]
[Site "Biel"]
[Date "1997.07.26"]
[Round "5"]
[White "Hertneck, Gerald"]
[Black "Jenni, Florian"]
[Result "1-0"]
[WhiteElo "2525"]
[BlackElo "2260"]

1.d4 Nf6 2.c4 g6 3.Nc3 Bg7 4.e4 d6 5.Nf3 O-O 6.Be2 e5 7.O-O Nc6 8.d5 Ne7
9.Nd2 Nd7 10.b4 f5 11.Qc2 Nf6 12.f3 f4 13.c5 g5 14.g4 h5 15.h3 Ng6 16.a4 Rf7
17.c6 Bf8 18.Nd1 Rh7 19.cxb7 Bxb7 20.Nf2 Qe7 21.Ra3 Qg7 22.Bb2 Bc8 23.Rc1 hxg4
24.fxg4 f3 25.Rxf3 Nf4 26.Nf1 Qh8 27.Qd2 Rb8 28.Rc4 Rb7 29.Bd1 Be7 30.Bc1 Kf7
31.Qc3 Bd8 32.Rg3 Nd7 33.Kh2 Nb6 34.Rc6 Bd7 35.Ne3 Nc8 36.Ra6 Qe8 37.Nc4 Kg8
38.Be3 Qf8 39.Qd2 Rf7 40.Rf3 Qe8 41.b5 Rb6 42.Rxb6 axb6 43.Nb2 Ne7 44.Nbd3 Neg6
45.Nh1 Rh7 46.Rg3 Kg7 47.Nhf2 Qh8 48.Nb4 Qf8 49.Nc6 Bf6 50.a5 bxa5 51.Qxa5 Qc8
52.Qa6 Ne7 53.Qxc8 Nxc8 54.Bc1 Nb6 55.Ra3 Rh8 56.Ra7 Rc8 57.Be3 Nc4 58.b6 Bxc6
59.dxc6  1-0

[Event "Lost Boys op"]
[Site "Antwerp"]
[Date "1997.08.02"]
[Round "1"]
[White "Lobron, Eric"]
[Black "Sawatzki, Frank"]
[Result "1-0"]
[WhiteElo "2540"]
[BlackElo "2280"]

1.d4 Nf6 2.Nf3 g6 3.c4 Bg7 4.Nc3 O-O 5.e4 d6 6.Be2 e5 7.O-O Nc6 8.d5 Ne7
9.b4 Nh5 10.Re1 Nf4 11.Bf1 a5 12.bxa5 c5 13.Rb1 Rxa5 14.Rb3 h6 15.a3 Kh8
16.Nb5 g5 17.g3 Nfg6 18.Bh3 f5 19.exf5 Bxf5 20.Nd2 Ng8 21.Ne4 Bxe4 22.Rxe4 Nf6
23.Re2 e4 24.Bb2 Qe7 25.Bg2 Ne5 26.Qc2 Ra4 27.Bxe5 Qxe5 28.Rbe3 Ra6 29.Bxe4 Nxe4
30.Rxe4 Qf5 31.Re7 Qxc2 32.Rxc2  1-0

[Event "MK Cafe op-A"]
[Site "Koszalin"]
[Date "1997.08.03"]
[Round "1"]
[White "Szymanski, Marcin"]
[Black "Brustman, Agnieszka"]
[Result "0-1"]
[WhiteElo "2180"]
[BlackElo "2380"]

1.d4 Nf6 2.c4 g6 3.Nc3 Bg7 4.e4 d6 5.Nf3 O-O 6.Be2 e5 7.O-O Nc6 8.Be3 Ng4
9.Bg5 f6 10.Bc1 Kh8 11.d5 Ne7 12.Nd2 Nh6 13.Rb1 f5 14.f3 f4 15.b4 g5 16.c5 Neg8
17.Nc4 Nf6 18.h3 Nf7 19.a4 h5 20.Ba3 Rg8 21.Kf2 g4 22.hxg4 Nxg4+ 23.fxg4 Qh4+
24.Kg1 hxg4 25.Nd2 Ng5 26.Bxg4 Bxg4 27.Qe1 Qh5 28.Kf2 Qh2 29.Nf3 Nh3+ 30.Ke2 Bf6
31.Kd3 Bxf3 32.gxf3 Rg2 33.Kc4 Rag8 34.Rh1 Qg3 35.Qxg3 R8xg3 36.cxd6 cxd6
37.b5 Be7 38.b6 a6 39.Rbf1 Kg7 40.Nd1 Ng5 41.Rh5 Nxf3 42.Bb4  0-1

[Event "Montecatini Terme op"]
[Site "Montecatini Terme"]
[Date "1997.08.03"]
[Round "3"]
[White "Gleizerov, Evgeny"]
[Black "Nataf, Igor Alexandre"]
[Result "1/2-1/2"]
[WhiteElo "2560"]
[BlackElo "2440"]

1.d4 Nf6 2.c4 g6 3.Nc3 Bg7 4.e4 d6 5.Nf3 O-O 6.Be2 e5 7.O-O Nc6 8.d5 Ne7
9.Nd2 a5 10.a3 Bd7 11.Rb1 a4 12.b4 axb3 13.Nxb3 b6 14.Ra1 Ne8 15.Be3 f5 16.f3 Nf6
17.a4 c5 18.dxc6 Bxc6 19.Nd2 Nc8 20.Nd5 Nd7 21.Nb1 Nc5 22.Nbc3 Qd7 23.Ra3 Nxa4
24.Nxa4 Rxa4 25.Rb3  1/2-1/2

[Event "MK Cafe op-A"]
[Site "Koszalin"]
[Date "1997.08.04"]
[Round "2"]
[White "Ehrenfeucht, Wojciech"]
[Black "Syrtlanov, Vil"]
[Result "0-1"]
[WhiteElo "2275"]
[BlackElo "2375"]

1.Nf3 Nf6 2.c4 g6 3.Nc3 Bg7 4.e4 d6 5.Be2 O-O 6.O-O e5 7.d4 Nc6 8.d5 Ne7
9.b4 Nh5 10.g3 f5 11.Ng5 Nf6 12.f3 Kh8 13.c5 h6 14.Ne6 Bxe6 15.dxe6 d5 16.exd5 Nexd5
17.Nxd5 Nxd5 18.Qb3 f4 19.Rd1 c6 20.Bc4 fxg3 21.hxg3 e4 22.fxe4 Qf6 23.exd5 Qf2+
24.Kh1 Rf5 25.Be2 Qxe2 26.Bxh6 Rh5+ 27.Kg1 Rxh6 28.e7  0-1

[Event "MK Cafe op-A"]
[Site "Koszalin"]
[Date "1997.08.04"]
[Round "3"]
[White "Nielsen, Peter Heine"]
[Black "Babula, Milan"]
[Result "1-0"]
[WhiteElo "2515"]
[BlackElo "2285"]

1.d4 Nf6 2.c4 g6 3.Nc3 Bg7 4.e4 d6 5.Nf3 O-O 6.Be2 e5 7.O-O Nc6 8.d5 Ne7
9.b4 a5 10.Ba3 Ne8 11.c5 Kh8 12.cxd6 cxd6 13.Nd2 f5 14.Nc4 axb4 15.Bxb4 fxe4
16.Nxe4 Nf5 17.a4 Rf7 18.a5 Bf8 19.Nb6 Rb8 20.Bg4 Bd7 21.Qd3 Nc7 22.Nxd7 Qxd7
23.Rab1 Qd8 24.Bd2 h6 25.Rb6 Na6 26.Rfb1 Qc7 27.Qc3 Qd8 28.Qh3 Nc5 29.Nxc5 dxc5
30.Bc3 Qxd5 31.Bf3 Qd8 32.Bxe5+ Bg7 33.Bxb8 Qxb8 34.a6 Nd4 35.Rxb7  1-0

[Event "MK Cafe op-A"]
[Site "Koszalin"]
[Date "1997.08.05"]
[Round "4"]
[White "Sakalauskas, Vaidas"]
[Black "Nielsen, Peter Heine"]
[Result "1/2-1/2"]
[WhiteElo "2375"]
[BlackElo "2515"]

1.d4 Nf6 2.c4 g6 3.Nc3 Bg7 4.e4 d6 5.Be2 O-O 6.Nf3 e5 7.O-O Nc6 8.d5 Ne7
9.b4 a5 10.Ba3 axb4 11.Bxb4 Nd7 12.a4 Bh6 13.a5 f5 14.Nd2 Kh8 15.Nb3 Nf6
16.Bf3 fxe4 17.Nxe4 Nxe4 18.Bxe4 Ng8 19.Bf3 Bf5 20.Nd2 Nf6 21.Re1 Rf7  1/2-1/2

[Event "Budapest FS08 IM"]
[Site "Budapest"]
[Date "1997.08.06"]
[Round "5"]
[White "Murzin, Lenar"]
[Black "Kahn, Evarth"]
[Result "1/2-1/2"]
[WhiteElo "2310"]
[BlackElo "2270"]

1.d4 Nf6 2.c4 g6 3.Nc3 Bg7 4.e4 d6 5.Be2 O-O 6.Nf3 e5 7.O-O Nc6 8.d5 Ne7
9.b4 Nh5 10.Re1 Nf4 11.Bf1 f5 12.Bxf4 exf4 13.e5 dxe5 14.Nxe5 Re8 15.Qf3 a5
16.b5 Qd6 17.Qxf4 Nxd5 18.Nxd5 Bxe5 19.Qh4 Be6 20.Nf6+ Bxf6 21.Qxf6 Bf7  1/2-1/2